|
|
|
|
| LEADER |
00000cac a2200000 a 4500 |
| 001 |
75353 |
| 003 |
Ucuenca |
| 005 |
20230308211506.0 |
| 008 |
997071|1978 sp |||||r|||||||||||spa|| |
| 020 |
|
|
|a 8472224902
|
| 040 |
|
|
|b spa
|
| 041 |
1 |
|
|a spa
|
| 082 |
0 |
|
|a 711
|
| 100 |
1 |
|
|a Merlin, Pierre
|9 213174
|
| 245 |
1 |
1 |
|a Las nuevas ciudades
|c Pierre Merlin. Traductor Ernest Udina
|h imp
|
| 264 |
|
|
|a Barcelona
|b Laia
|c 1978
|
| 300 |
|
|
|a 430 páginas:
|b gra
|c 20 cm
|
| 490 |
|
|
|a papel 451
|n no. 41
|
| 504 |
|
|
|a incl. ref.
|
| 650 |
|
0 |
|a Planificación urbana
|9 932
|
| 650 |
|
7 |
|a Urbanismo
|9 110
|
| 650 |
|
|
|a Ciudades
|9 5707
|
| 852 |
|
|
|a UC-CDJBV
|f Compra
|l 1
|m General
|p 19970710
|q 15800,00
|r 2
|t 75353
|y 140440
|b 0
|d CDRC
|e CDRC
|g 711 SEGUNDO PISO
|z 1997-70-71
|
| 942 |
|
|
|c CR
|0 1
|
| 999 |
|
|
|c 118866
|d 118866
|